000 00815nam a2200193 a 4500
001 1894
005 20140414131923.0
008 020416s19uu xx 00 eng d
020 _a2-89429-142-6
050 _aER
_bT74 1992
100 _aCantillon, Eli Aleksanersen
245 _aThe troll children's christmas wish /
_cstory by: Eli Aleksandersen Cantillon; illustrations Francois Ruyer.
260 _aMontreal, Canada :
_bTormont,
_c1992.
300 _a24 p. : ill. ; cm.
520 _aTroll Mother said Christmas was only for people children, but the troll children didn't want to believe her. After all, isn't Christmas for everybody? So Aja and her little troll brothers set out in search of Father Christmas.
650 _aTrolls
_xFiction.
650 _aChristmas stories
_xFiction.
999 _c111853
_d111853